00491cam a22002051 4500001001300000003000400013005001700017008004100034010001700075035002000092040001800112042001200130050002200142100002200164245003700186260001000223300002100233500001400254999001700268sa 68011419 DLC20260227112559.0891004s1968 ii 000 0 hino  asa 68011419  a(OCoLC)20439564 aDLCcWaUdDLC apremarc00aPK2098.23.A67bD50 aHar Gulal,d1935-10aḌhalate aura badalate raṅga. c1968. a8, 96 p.c19 cm. aIn Hindi. c83879d83879